COMPARATIVE SIMULATION TESTS OF THE STRAIN OF CUTTING PLATES, WITH VARIOUS TOOL-FACE SURFACE GEOMETRY, IN THE PROCESS OF ANTI-FRICTION BEARING RING FRONT TURNING

Bibliographic Details
Main Authors: Niżankowski, Czesław (Author), Kornobis, Zbigniew (Author)
Format: Article
Language:English

MARC

LEADER 00000nab a2200000 a 4500
001 vtls011101302
003 SK-MaSNL
005 20260303150020.0
008 230222|2010 xo |||||||||||||||||eng|
015 |a SNBRB 
035 |a (uuid)1c80c931-62d2-4b08-beab-2da1a12a8957 
035 |a (urnnbn)urn:nbn:sk:snk:ar-0074f9 
035 |a urn:nbn:sk:snk-ab9797 
040 |a SNKBUCL  |b slo  |c SNKBUCL  |e AACR2 
041 0 |a eng 
044 |a xo  |c SK 
100 1 |a Niżankowski, Czesław  |4 aut  |9 780917 
245 1 0 |a COMPARATIVE SIMULATION TESTS OF THE STRAIN OF CUTTING PLATES, WITH VARIOUS TOOL-FACE SURFACE GEOMETRY, IN THE PROCESS OF ANTI-FRICTION BEARING RING FRONT TURNING  |c Czesław Niżankowski, Zbigniew Kornobis 
700 1 |a Kornobis, Zbigniew  |4 aut  |9 1168944 
773 0 |t Technologické inžinierstvo  |g Roč. 7, č. 1 (2010), s. 6-9 
958 |a OND 
958 |a EUIPO 
958 |a article13 
999 |c 2006843  |d 2008773